Genealogía de Tupac Amaru / (Record no. 147228)

MARC details
000 -LEADER
campo de control de longitud fija 01256nam a2200265 i 4500
001 - NÚMERO DE CONTROL
campo de control 147228
003 - IDENTIFICADOR DE NÚMERO DE CONTROL
campo de control ES-MaACL
005 - FECHA Y HORA DE LA ÚLTIMA TRANSACCIÓN
campo de control 20251009063055.0
007 - CAMPO FIJO DE DESCRIPCIÓN FÍSICA--INFORMACIÓN GENERAL
campo de control de longitud fija t|
008 - DATOS DE LONGITUD FIJA--INFORMACIÓN GENERAL
campo de control de longitud fija 070924s1946 pe ||||1| spa d
080 ## - NÚMERO DE LA CLASIFICACIÓN DECIMAL UNIVERSAL
Número de la Clasificación Decimal Universal 985"1548/820(093.2)
100 1# - ENTRADA PRINCIPAL--NOMBRE DE PERSONA
Nombre de persona Tupac-Amaru, José Gabriel,
Fechas asociadas al nombre m. 1781
9 (RLIN) 111684
245 10 - MENCIÓN DEL TÍTULO
Título Genealogía de Tupac Amaru /
Mención de responsabilidad, etc. por José Gabriel Tupac Amaru.
260 ## - PUBLICACIÓN, DISTRIBUCIÓN, ETC.
Lugar de publicación, distribución, etc. Lima :
Nombre del editor, distribuidor, etc. [s.n.],
Fecha de publicación, distribución, etc. 1946 (
Fabricante Imp. Miranda)
300 ## - DESCRIPCIÓN FÍSICA
Extensión 172 p. ;
Dimensiones 18 cm.
490 1# - MENCIÓN DE SERIE
Mención de serie Los pequeños grandes libros de Historia Americana. Serie I ;
Designación de volumen o secuencia 10
505 8# - NOTA DE CONTENIDO CON FORMATO
Nota de contenido con formato Contiene: (Documento inédito del año de 1777). Causas de la sublevación indígena por el Deán Antonio González Pavón.-- (Documento inédito del año 1788). Daños que se hacen a los indios por el Licenciado Francisco Falcón.-- (Códice del siglo XVI). Arreglo, introducción, notas y comentarios de Francisco A. Loayza.
651 #4 - PUNTO DE ACCESO ADICIONAL DE MATERIA--NOMBRE GEOGRÁFICO
Nombre geográfico Perú-
Subdivisión general Historia-
Subdivisión cronológica 1548-1820, Epoca colonial.
9 (RLIN) 9225
700 1# - ENTRADA AGREGADA--NOMBRE PERSONAL
Nombre de persona González Pavón, Antonio.
9 (RLIN) 58861
700 1# - ENTRADA AGREGADA--NOMBRE PERSONAL
Nombre de persona Falcón, Francisco.
9 (RLIN) 48705
700 1# - ENTRADA AGREGADA--NOMBRE PERSONAL
Nombre de persona Loayra, Francisco A.
9 (RLIN) 72989
830 04 - PUNTO DE ACCESO ADICIONAL DE SERIE-TÍTULO UNIFORME
Título uniforme Los pequeños grandes libros de historia americana
Designación de volumen o secuencia 10
9 (RLIN) 220909
852 ## - LOCALIZACIÓN
Ubicación ES-MaACL
Número de control de estantería E-1189
Sublocalización o colección R.27280
Holdings
Estatus retirado Estado de pérdida Estado de daño No para préstamo Biblioteca de origen Biblioteca actual Ubicación en estantería Fecha de adquisición Fuente de adquisición Total de préstamos Signatura topográfica completa Código de barras Visto por última vez Precio de reemplazo Tipo de ítem Koha
        Biblioteca del Ateneo de Madrid Biblioteca del Ateneo de Madrid Depósito 2 17/01/2008     E-1189 1153645 23/02/2023 23/02/2023 Libro impreso